000 00546nam a2200181 i 4500
001 61045
003 ES-MaACL
005 20230906164344.0
007 t|
008 031110s1981 sp ||||1| spa d
245 0 4 _aLos estudios de profesor de Educación General Básica.
260 _aMadrid :
_bFundación Universidad Empresa,
_c1981.
300 _a114, LXIV p. ;
_c24 cm.
490 1 _aMonografias profesionales ;
_v29
830 0 _aMonografias profesionales ;
_v29
_9182734
852 _aES-MaACL
_jL-1400
_bR.102335
999 _c61045
_d61045